Coach anyone about anything : how to help people succeed in business and life

Bibliographic Details
Main Author: Porche, Germaine
Other Authors: Niederer, Jed
Format: Book
Published: Petaling Jaya : Golden Books Centre , 2003
Subjects:

MARC

LEADER 00000cam a2200000 7i4500
001 0000003345
005 20050823.0
020 0 0 |a 9837205083 
090 0 0 |a 650.1   |b POR 
100 1 0 |a Porche, Germaine 
245 1 0 |a Coach anyone about anything :   |b how to help people succeed in business and life   |c Germaine Porche and Jed Niederer 
260 0 0 |a Petaling Jaya :   |b Golden Books Centre ,   |c 2003 
300 |a xx, 225p. :   |b ill. ;   |c 23cm. 
650 0 0 |a Success in business   |x Handbooks, manuals, etc. 
700 1 1 |a Niederer, Jed 
999 |a 0000006341   |b Monograph   |c Open Shelf   |e Default branch